000 00531nam a2200193 a 4500
001 1767414371119
003 YourLibrary
005 20260103103038.0
008 260103s2005##################000#0#eng##
020 _a9780192806598
082 0 4 _a296.155
_bLIM
100 1 _aLim, Timothy H.,
_eauthor.
245 1 0 _aThe Dead Sea Scrolls: A Very Short Introduction :
260 _bOxford University Press, USA,
_c2005.
300 _a153 pages
650 0 _aReligion.
942 _cENGLISH
040 _aYourLibrary
_beng
_cYourLibrary
999 _c606894
_d606894